[Event "Madrid ch - Previa B"]
[Site "Madrid"]
[Date "2009.11.14"]
[Round "5.3"]
[White "Gomez Gonzalez, Javier"]
[Black "Ocaña Lameiro, Oliver"]
[Result "0-1"]
[WhiteElo "2044"]
[BlackElo "1904"]
[PlyCount "34"]
[EventDate "2009.11.05"]
[EventType "swiss"]
[EventRounds "9"]
[EventCountry "ESP"]
[Source "lmi"]
[SourceDate "2009.11.05"]

1. e4 d5 2. exd5 Nf6 3. d4 Nxd5 4. Nf3 g6 5. Ne5 Bg7 6. Bb5+ c6 7. Bd3 O-O 8.
O-O Nd7 9. Qe1 Nxe5 10. dxe5 Qc7 11. c4 Nb6 12. f4 f6 13. exf6 Bxf6 14. Nc3 Qd6
15. Qe2 Bg4 16. Qc2 Rad8 17. Bxg6 Bd4+ 0-1

[Event "Madrid ch - Previa B"]
[Site "Madrid"]
[Date "2009.11.14"]
[Round "5.4"]
[White "Garcia Serrano, Jose M"]
[Black "Tome Vazquez, Oscar"]
[Result "0-1"]
[WhiteElo "1902"]
[BlackElo "2020"]
[PlyCount "78"]
[EventDate "2009.11.05"]
[EventType "swiss"]
[EventRounds "9"]
[EventCountry "ESP"]
[Source "lmi"]
[SourceDate "2009.11.05"]

1. e4 g6 2. d4 Bg7 3. Nc3 c6 4. Be3 d5 5. e5 c5 6. f4 cxd4 7. Qxd4 e6 8. Nb5
Nc6 9. Qd2 Bf8 10. Nf3 Nh6 11. Be2 Nf5 12. Bf2 h5 13. Bd3 Be7 14. O-O-O a6 15.
Nc3 b5 16. h3 h4 17. Kb1 Bd7 18. Bxf5 gxf5 19. g4 hxg3 20. Bxg3 b4 21. Nxd5
exd5 22. Qxd5 Qc8 23. Ng5 Be6 24. Qf3 Nxe5 25. fxe5 Bxg5 26. Rd6 Ra7 27. Bf2
Rc7 28. h4 Rxc2 29. hxg5 Rxh1+ 30. Qxh1 Rc1+ 31. Qxc1 Bxa2+ 32. Kxa2 Qxc1 33.
Kb3 f4 34. Rxa6 Qf1 35. Ra8+ Kd7 36. Ra7+ Ke6 37. Bc5 Kd5 38. Bxb4 Qd1+ 39. Kc3
Qd4+ 0-1

[Event "Madrid ch - Previa B"]
[Site "Madrid"]
[Date "2009.11.14"]
[Round "5.5"]
[White "Esquivias Gomez, Fco. Javier"]
[Black "Torres Sevilla, Cristian"]
[Result "0-1"]
[WhiteElo "2004"]
[BlackElo "1889"]
[PlyCount "74"]
[EventDate "2009.11.05"]
[EventType "swiss"]
[EventRounds "9"]
[EventCountry "ESP"]
[Source "lmi"]
[SourceDate "2009.11.05"]

1. e4 c5 2. Nc3 d6 3. f4 g6 4. Nf3 Bg7 5. Bc4 Nc6 6. O-O e6 7. d3 Nge7 8. Qe1
Nd4 9. Nxd4 cxd4 10. Ne2 O-O 11. Bb3 b5 12. a4 Bd7 13. Bd2 bxa4 14. Bxa4 Bxa4
15. Rxa4 Nc6 16. Kh1 a5 17. Nc1 Qb6 18. Nb3 Rfb8 19. Qa1 Qb5 20. Rb1 Bh6 21.
Nxd4 Nxd4 22. Rxd4 e5 23. Ra4 exf4 24. Rxa5 Qc6 25. c4 f5 26. exf5 f3 27. Rxa8
Rxa8 28. Qxa8+ Qxa8 29. Bxh6 fxg2+ 30. Kg1 Qf3 31. Re1 gxf5 32. b4 f4 33. d4
Kf7 34. c5 dxc5 35. dxc5 Qc3 36. Kf2 Qd2+ 37. Re2 g1=Q+ 0-1

[Event "Madrid ch - Previa B"]
[Site "Madrid"]
[Date "2009.11.14"]
[Round "5.6"]
[White "Nieto Esteban, Manuel"]
[Black "Navas Jimenez, Julian"]
[Result "0-1"]
[WhiteElo "1801"]
[BlackElo "1949"]
[PlyCount "114"]
[EventDate "2009.11.05"]
[EventType "swiss"]
[EventRounds "9"]
[EventCountry "ESP"]
[Source "lmi"]
[SourceDate "2009.11.05"]

1. d4 Nf6 2. c4 e6 3. Nc3 Bb4 4. Qc2 O-O 5. Nf3 c5 6. e3 b6 7. g3 Bb7 8. Bg2 d5
9. cxd5 cxd4 10. exd4 Nxd5 11. O-O Nd7 12. Bd2 Rc8 13. a3 Be7 14. Rfe1 Qc7 15.
Qb3 Rfd8 16. Rac1 Qb8 17. Ne5 Nxc3 18. bxc3 Bxg2 19. Kxg2 Nxe5 20. Rxe5 Bf6 21.
Re2 Qb7+ 22. f3 Qa6 23. Rce1 g6 24. f4 Qc4 25. Qb4 Qd5+ 26. Kf2 Rc4 27. Qb1 Qc6
28. Qb3 Rc8 29. Rb1 h5 30. Qb5 Qxb5 31. Rxb5 Ra4 32. Rb3 Bg7 33. h4 Bf8 34. Bc1
Bd6 35. Kf3 Kg7 36. Re3 Kf6 37. Ke4 Rcc4 38. Kf3 Ra5 39. Re2 Rca4 40. Ra2 Kf5
41. Bb2 f6 42. Bc1 Be7 43. Ra1 Bf8 44. Rab1 Rd5 45. Ra1 Bd6 46. Be3 e5 47. dxe5
fxe5 48. fxe5 Bxe5 49. Ra2 Rg4 50. Rg2 Rd3 51. Kf2 Rxc3 52. Rxc3 Bxc3 53. Bf4
Be5 54. Bd2 Ke6 55. Bb4 Bd4+ 56. Ke2 Bc5 57. Rg1 Bxg1 0-1

[Event "Madrid ch - Previa B"]
[Site "Madrid"]
[Date "2009.11.14"]
[Round "5.7"]
[White "Beltran De Heredia E., Miguel"]
[Black "Rollano Carcajona, Ruben"]
[Result "1-0"]
[WhiteElo "2054"]
[BlackElo "1718"]
[PlyCount "67"]
[EventDate "2009.11.05"]
[EventType "swiss"]
[EventRounds "9"]
[EventCountry "ESP"]
[Source "lmi"]
[SourceDate "2009.11.05"]

1. e4 c6 2. d4 d5 3. Nc3 dxe4 4. Nxe4 Bf5 5. Ng3 Bg6 6. h4 h6 7. Nf3 Nd7 8. h5
Bh7 9. Bd3 Bxd3 10. Qxd3 Ngf6 11. Bd2 e6 12. O-O-O Be7 13. Qe2 Qc7 14. Ne5 Nxe5
15. dxe5 Nd5 16. f4 O-O-O 17. Ne4 Qb6 18. Rh3 Qb5 19. c4 Nxf4 20. Bxf4 Rxd1+
21. Kxd1 Qa4+ 22. b3 Qa3 23. Rd3 Rf8 24. Nd6+ Kc7 25. Qd2 Qc5 26. Rd4 Qa3 27.
Be3 a6 28. Ne4 Bb4 29. Qc2 Rd8 30. Rxd8 Kxd8 31. Bb6+ Ke8 32. c5 Be1 33. Qd3
Bh4 34. Nf6+ 1-0

[Event "Madrid ch - Previa B"]
[Site "Madrid"]
[Date "2009.11.14"]
[Round "5.8"]
[White "De Los Rios Camacho, Juan A"]
[Black "Merino Araguas, Jose Javier"]
[Result "0-1"]
[WhiteElo "1782"]
[BlackElo "1866"]
[PlyCount "98"]
[EventDate "2009.11.05"]
[EventType "swiss"]
[EventRounds "9"]
[EventCountry "ESP"]
[Source "lmi"]
[SourceDate "2009.11.05"]

1. e4 e6 2. d4 d5 3. Nc3 Nf6 4. Bd3 dxe4 5. Nxe4 Be7 6. Bg5 Nbd7 7. Nf3 h6 8.
Nxf6+ Nxf6 9. Bh4 a6 10. O-O O-O 11. Qd2 b6 12. Rfe1 Bb7 13. Ne5 Qd5 14. f3
Qxd4+ 15. Bf2 Qd8 16. Rad1 Bd6 17. Qe3 Qe7 18. Nc4 Bc5 19. Qe2 Rad8 20. Ne5 a5
21. Rd2 Bxf2+ 22. Kxf2 Nd7 23. Kf1 Nxe5 24. Qxe5 Kh8 25. Red1 Rd6 26. a4 Rfd8
27. Qf4 Rd4 28. Qe3 R4d6 29. Bb5 Rxd2 30. Rxd2 Rxd2 31. Qxd2 Kg8 32. Ke2 Bd5
33. c4 Bb7 34. Ke3 Qd6 35. Qc3 f6 36. c5 Qxc5+ 37. Qxc5 bxc5 38. Kd3 Bd5 39. f4
Kf7 40. f5 e5 41. Bc4 c6 42. g3 Ke7 43. b3 Kd6 44. Kc3 e4 45. Kd2 Ke5 46. g4
Kd4 47. h4 Bxc4 48. bxc4 Kxc4 49. Ke3 Kd5 0-1

[Event "Madrid ch - Previa B"]
[Site "Madrid"]
[Date "2009.11.14"]
[Round "5.9"]
[White "Noriega De La Sierra, Antonio"]
[Black "Montes Rubio, Miguel"]
[Result "1-0"]
[WhiteElo "1881"]
[BlackElo "1717"]
[PlyCount "101"]
[EventDate "2009.11.05"]
[EventType "swiss"]
[EventRounds "9"]
[EventCountry "ESP"]
[Source "lmi"]
[SourceDate "2009.11.05"]

1. d4 d5 2. c4 Nc6 3. Nf3 Bg4 4. Nc3 e6 5. Qa4 Qd7 6. e3 Nf6 7. Ne5 Nxe5 8.
dxe5 Qxa4 9. Nxa4 Bb4+ 10. Nc3 Nd7 11. Bd2 dxc4 12. f4 O-O 13. Bxc4 Nb6 14. Bb3
Rad8 15. Ne4 Bxd2+ 16. Nxd2 Nd5 17. h3 Bf5 18. e4 Nxf4 19. exf5 Nxg2+ 20. Ke2
exf5 21. Rad1 Rfe8 22. Nf3 Nf4+ 23. Ke3 Ng6 24. Kf2 Kf8 25. Rhe1 Nf4 26. Rxd8
Rxd8 27. Bc4 h6 28. Kg3 g5 29. b3 Nh5+ 30. Kf2 Nf4 31. Kg3 Nh5+ 32. Kf2 Nf4 33.
Kg3 Ke7 34. Rf1 f6 35. Re1 Nd3 36. exf6+ Kxf6 37. Rd1 Ke7 38. Rxd3 f4+ 39. Kf2
Rxd3 40. Bxd3 Ke6 41. Nd2 Ke5 42. Kf3 c5 43. Nc4+ Ke6 44. a4 b6 45. Ke4 h5 46.
Be2 h4 47. Bg4+ Kf6 48. Bc8 Kg6 49. Ne5+ Kf6 50. Nc4 a5 51. Ne5 1-0

[Event "Madrid ch - Previa B"]
[Site "Madrid"]
[Date "2009.11.14"]
[Round "5.10"]
[White "Ruiz Quevedo, Andres"]
[Black "Fariñas Lucas, Juan Antonio"]
[Result "1-0"]
[WhiteElo "1928"]
[BlackElo "1742"]
[PlyCount "63"]
[EventDate "2009.11.05"]
[EventType "swiss"]
[EventRounds "9"]
[EventCountry "ESP"]
[Source "lmi"]
[SourceDate "2009.11.05"]

1. Nf3 Nf6 2. c4 e6 3. g3 d5 4. Bg2 g6 5. b3 c6 6. O-O Bg7 7. Ba3 Nbd7 8. d4
Nb6 9. Nbd2 Ne4 10. Nxe4 dxe4 11. Ne5 f5 12. e3 Nd7 13. Nxd7 Qxd7 14. Qc2 Kf7
15. Bb2 b6 16. b4 Bb7 17. a4 Rhd8 18. b5 c5 19. dxc5 Qd2 20. Qxd2 Rxd2 21. Bxg7
Kxg7 22. c6 Bxc6 23. bxc6 Rc8 24. Rfd1 Rxd1+ 25. Rxd1 Rxc6 26. Rd7+ Kf6 27. Bf1
a5 28. Rxh7 e5 29. Rd7 Kg5 30. h4+ Kh6 31. Rd5 Rc5 32. Rd6 1-0

[Event "Madrid ch - Previa B"]
[Site "Madrid"]
[Date "2009.11.14"]
[Round "5.11"]
[White "Leniz Martinez, Francisco"]
[Black "Sanz Moriñigo, Francisco J"]
[Result "1-0"]
[WhiteElo "1870"]
[BlackElo "1736"]
[PlyCount "87"]
[EventDate "2009.11.05"]
[EventType "swiss"]
[EventRounds "9"]
[EventCountry "ESP"]
[Source "lmi"]
[SourceDate "2009.11.05"]

1. Nf3 Nf6 2. c4 e6 3. d4 b6 4. g3 Ba6 5. b3 Bb4+ 6. Bd2 Be7 7. Bg2 Bb7 8. O-O
d5 9. Ne5 Nbd7 10. Nxd7 Qxd7 11. Bc3 O-O-O 12. e3 h5 13. h3 g5 14. Nd2 g4 15.
h4 Ne4 16. Nxe4 dxe4 17. d5 Rh6 18. Bxe4 f5 19. Bg2 Bxh4 20. gxh4 Qe7 21. Be5
Qxh4 22. Qd4 Qe7 23. Rad1 h4 24. Bf4 Rg6 25. Qe5 Qg7 26. dxe6 Bxg2 27. Rxd8+
Kxd8 28. Rd1+ Ke8 29. Qxg7 Rxg7 30. Kxg2 c5 31. Rd7 Rxd7 32. exd7+ Kxd7 33. f3
Ke6 34. a3 a6 35. a4 Kd7 36. Bg5 h3+ 37. Kg3 Kc6 38. Bf4 h2 39. Kxh2 gxf3 40.
Kg3 b5 41. a5 bxc4 42. bxc4 Kd7 43. Kxf3 Ke6 44. Bb8 1-0

[Event "Madrid ch - Previa B"]
[Site "Madrid"]
[Date "2009.11.14"]
[Round "5.12"]
[White "Jimenez Vera, Ruben"]
[Black "Marcos Herrero, Francisco"]
[Result "0-1"]
[WhiteElo "1554"]
[BlackElo "1851"]
[PlyCount "65"]
[EventDate "2009.11.05"]
[EventType "swiss"]
[EventRounds "9"]
[EventCountry "ESP"]
[Source "lmi"]
[SourceDate "2009.11.05"]

1. d4 d6 2. c4 Nf6 3. Nc3 g6 4. e4 Bg7 5. Nf3 O-O 6. g3 Na6 7. Bg2 c5 8. d5 e6
9. O-O exd5 10. cxd5 Rb8 11. Bg5 h6 12. Bf4 Nh5 13. Be3 b5 14. Qc1 Kh7 15. h3
Nf6 16. e5 dxe5 17. Nxe5 Bb7 18. Rd1 b4 19. Na4 Nxd5 20. Ng4 h5 21. Nh2 Qd7 22.
Bxc5 Rfc8 23. Bxd5 Qxa4 24. Qf4 Rxc5 25. Bxf7 Qc6 26. Nf3 Qxf3 27. Qxf3 Bxf3
28. Rd7 Rbc8 29. Bxg6+ Kxg6 30. Rd6+ Kh7 31. Rxa6 Rc1+ 32. Rxc1 Rxc1+ 33. Kh2
0-1

[Event "Madrid ch - Previa B"]
[Site "Madrid"]
[Date "2009.11.14"]
[Round "5.13"]
[White "Corral Aragon, Juan Maria"]
[Black "Ballesteros Galvez, Daniel"]
[Result "1/2-1/2"]
[WhiteElo "1781"]
[BlackElo "1557"]
[PlyCount "155"]
[EventDate "2009.11.05"]
[EventType "swiss"]
[EventRounds "9"]
[EventCountry "ESP"]
[Source "lmi"]
[SourceDate "2009.11.05"]

1. e4 e5 2. Nf3 Nf6 3. Nxe5 d6 4. Nf3 Nxe4 5. d4 d5 6. Bd3 Bf5 7. O-O Be7 8.
Ne5 Nd7 9. Qf3 Nxe5 10. Qxf5 Nxd3 11. cxd3 Nf6 12. Nc3 Qd7 13. Qf3 O-O 14. Bg5
c6 15. Rfe1 Rfe8 16. Re2 h6 17. Bh4 Kf8 18. Rae1 Ng8 19. Bg3 Bd6 20. Be5 f6 21.
Qf4 Re6 22. Bxd6+ Qxd6 23. Qf5 Rxe2 24. Rxe2 Ne7 25. Qf3 Ng6 26. g3 Re8 27.
Rxe8+ Kxe8 28. Qh5 f5 29. Qxf5 Ne7 30. Qe5 Qb4 31. Nd1 Kf7 32. Kg2 Qd2 33. Ne3
Qxd3 34. Qf4+ Ke6 35. Qg4+ Kf7 36. Qh5+ Qg6 37. Qxg6+ Kxg6 38. g4 Kf6 39. f4 g5
40. f5 Nc8 41. Kf2 Nd6 42. Nc2 Ne4+ 43. Ke3 Ke7 44. Ne1 Nd6 45. b3 Nf7 46. Nf3
Kd6 47. Kd3 b6 48. h3 c5 49. Nh2 Kc6 50. Nf1 Kd6 51. Ng3 Ke7 52. Nh5 Nd6 53.
dxc5 bxc5 54. Ng7 Nf7 55. Ne6 Kd6 56. b4 cxb4 57. Kd4 Kc6 58. Nc5 Kd6 59. Na6
Ne5 60. Nxb4 Nf3+ 61. Ke3 Ng1 62. f6 Nxh3 63. Nxd5 Ke6 64. Ke4 Nf4 65. Nc7+
Kxf6 66. Nb5 a6 67. Nc7 a5 68. a4 h5 69. gxh5 Nxh5 70. Nd5+ Ke6 71. Nb6 Kd6 72.
Kd4 g4 73. Nc4+ Kc7 74. Nxa5 g3 75. Ke3 g2 76. Kf2 Nf4 77. Nc4 Nd3+ 78. Kxg2
1/2-1/2

[Event "Madrid ch - Previa B"]
[Site "Madrid"]
[Date "2009.11.14"]
[Round "5.14"]
[White "Dominguez Alfara, Miguel"]
[Black "Garcia Salamero, Hector"]
[Result "0-1"]
[WhiteElo "1652"]
[BlackElo "1774"]
[PlyCount "64"]
[EventDate "2009.11.05"]
[EventType "swiss"]
[EventRounds "9"]
[EventCountry "ESP"]
[Source "lmi"]
[SourceDate "2009.11.05"]

1. d4 d5 2. Nf3 Nf6 3. e3 e6 4. b3 Be7 5. Bd3 b6 6. O-O Bb7 7. Ne5 O-O 8. Bb2
Nbd7 9. f4 Ne4 10. Nd2 Nxd2 11. Qxd2 f5 12. c4 Nxe5 13. fxe5 c5 14. Rfe1 Bg5
15. Qc2 Rc8 16. dxc5 bxc5 17. cxd5 Bxd5 18. e4 fxe4 19. Bxe4 Bxe4 20. Qxe4 Qb6
21. Qg4 Bh6 22. Rad1 Rf4 23. Qh3 Rcf8 24. Rd6 Qb5 25. Qxe6+ Kh8 26. Rdd1 Rf1+
27. Rxf1 Be3+ 28. Rf2 Bxf2+ 29. Kh1 Be1 30. h3 Qf1+ 31. Kh2 Bg3+ 32. Kxg3 Qf4#
0-1

[Event "Madrid ch - Previa B"]
[Site "Madrid"]
[Date "2009.11.14"]
[Round "5.16"]
[White "Molina Garcia, Francisco J"]
[Black "Cano Mercado, Francisco Manuel"]
[Result "0-1"]
[WhiteElo "1842"]
[BlackElo "1887"]
[PlyCount "58"]
[EventDate "2009.11.05"]
[EventType "swiss"]
[EventRounds "9"]
[EventCountry "ESP"]
[Source "lmi"]
[SourceDate "2009.11.05"]

1. e4 c6 2. d4 d5 3. Nc3 dxe4 4. Nxe4 Bf5 5. Ng3 Bg6 6. h4 h6 7. Nf3 Nd7 8. h5
Bh7 9. Bd3 Bxd3 10. Qxd3 e6 11. Bd2 Ngf6 12. O-O-O Qc7 13. Ne4 O-O-O 14. Kb1 c5
15. Rh4 Nxe4 16. Qxe4 Nf6 17. Qe2 Rd5 18. dxc5 Be7 19. Ra4 a6 20. Ba5 Qxc5 21.
b3 Rxd1+ 22. Qxd1 Qxh5 23. Qd4 Kb8 24. Ne5 Rc8 25. Nd7+ Nxd7 26. Qxd7 Bf6 27.
Qd6+ Ka8 28. Be1 Rc6 29. Rxa6+ Rxa6 0-1

[Event "Madrid ch - Previa B"]
[Site "Madrid"]
[Date "2009.11.14"]
[Round "5.19"]
[White "Martin Garcia, Francisco J"]
[Black "Kalinovsky, Martin"]
[Result "0-1"]
[WhiteElo "1533"]
[BlackElo "1632"]
[PlyCount "66"]
[EventDate "2009.11.05"]
[EventType "swiss"]
[EventRounds "9"]
[EventCountry "ESP"]
[Source "lmi"]
[SourceDate "2009.11.05"]

1. d4 Nf6 2. Nf3 d5 3. c4 e6 4. g3 c5 5. cxd5 Nxd5 6. Bg2 Nc6 7. O-O Be7 8.
dxc5 Bxc5 9. a3 O-O 10. b4 Bb6 11. Bb2 f6 12. Qb3 a5 13. b5 a4 14. Qa2 Na7 15.
Rd1 Qe7 16. Bd4 Nxb5 17. Bxb6 Nxb6 18. Qb2 Bd7 19. Nbd2 Nd5 20. Nd4 Ndc3 21.
Rdc1 Nxd4 22. Rxc3 Nxe2+ 23. Kh1 Nxc3 24. Qxc3 Rac8 25. Qd4 Bc6 26. Bxc6 Rxc6
27. Qxa4 Rd8 28. Nf3 Ra6 29. Qb3 Kf7 30. Kg2 Rc8 31. a4 Rc5 32. Nd4 Qd7 33. Nf5
Rxf5 0-1

[Event "Madrid ch - Previa B"]
[Site "Madrid"]
[Date "2009.11.20"]
[Round "6.1"]
[White "Tome Vazquez, Oscar"]
[Black "Martin Duque, Jesus"]
[Result "0-1"]
[WhiteElo "2020"]
[BlackElo "2020"]
[PlyCount "64"]
[EventDate "2009.11.05"]
[EventType "swiss"]
[EventRounds "9"]
[EventCountry "ESP"]
[Source "lmi"]
[SourceDate "2009.11.05"]

1. Nf3 Nf6 2. c4 e6 3. g3 d5 4. Bg2 Be7 5. O-O O-O 6. b3 c5 7. e3 Nc6 8. Qe2 b6
9. Bb2 Ba6 10. d3 Rc8 11. Nc3 Qd7 12. Rfd1 Rfd8 13. Rac1 Ne8 14. Nb5 Bxb5 15.
cxb5 Na5 16. d4 c4 17. bxc4 Nxc4 18. a4 Qd6 19. Ne5 Nxe5 20. dxe5 Qb4 21. Bd4
Bc5 22. Rb1 Qa5 23. h4 Rc7 24. h5 h6 25. Bf1 Rdc8 26. Qf3 Bxd4 27. Rxd4 Qc3 28.
Bd3 Qa3 29. Kg2 Rc1 30. Rf4 Qxd3 31. Rxc1 Rxc1 32. Rxf7 Qf1+ 0-1

[Event "Madrid ch - Previa B"]
[Site "Madrid"]
[Date "2009.11.20"]
[Round "6.2"]
[White "Ocaña Lameiro, Oliver"]
[Black "Cardeña Contreras, Javier"]
[Result "0-1"]
[WhiteElo "1904"]
[BlackElo "1862"]
[PlyCount "52"]
[EventDate "2009.11.05"]
[EventType "swiss"]
[EventRounds "9"]
[EventCountry "ESP"]
[Source "lmi"]
[SourceDate "2009.11.05"]

1. Nf3 d5 2. c4 c6 3. cxd5 cxd5 4. d4 Nf6 5. Nc3 Nc6 6. g3 g6 7. Bg2 Bg7 8. O-O
O-O 9. Bf4 Nh5 10. Be3 Nf6 11. h3 Ne4 12. Rc1 Bf5 13. Kh2 Nxc3 14. Rxc3 Be4 15.
Qd2 e5 16. Nxe5 Nxe5 17. dxe5 Bxe5 18. Bd4 Bxg2 19. Kxg2 Qf6 20. Rf3 Qd6 21.
Rd3 Rad8 22. Rd1 Rfe8 23. e4 dxe4 24. Bxe5 Qxd3 25. Qh6 Qf3+ 26. Kh2 Qxf2+ 0-1

[Event "Madrid ch - Previa B"]
[Site "Madrid"]
[Date "2009.11.20"]
[Round "6.3"]
[White "Torres Sevilla, Cristian"]
[Black "Beltran De Heredia E., Miguel"]
[Result "1-0"]
[WhiteElo "1889"]
[BlackElo "2054"]
[PlyCount "71"]
[EventDate "2009.11.05"]
[EventType "swiss"]
[EventRounds "9"]
[EventCountry "ESP"]
[Source "lmi"]
[SourceDate "2009.11.05"]

1. d4 Nf6 2. c4 g6 3. Nc3 Bg7 4. e4 d6 5. Nf3 O-O 6. Be2 Na6 7. O-O e5 8. Re1
c6 9. a3 exd4 10. Nxd4 Re8 11. f3 d5 12. cxd5 cxd5 13. Bb5 Bd7 14. e5 Nh5 15.
Bxd7 Qxd7 16. g4 Bxe5 17. Rxe5 Rxe5 18. gxh5 Rae8 19. Nce2 g5 20. Bd2 Nc5 21.
Bb4 b6 22. Rc1 Qh3 23. Ng3 f5 24. Qf1 Qxf1+ 25. Kxf1 f4 26. Ngf5 Nd3 27. Rc7
Nxb4 28. Nh6+ Kh8 29. Nf7+ Kg8 30. Nxe5 Na6 31. Rxa7 Nc5 32. Nf7 Nd3 33. Nxg5
Re1+ 34. Kg2 Re5 35. Nxh7 Ne1+ 36. Kf1 1-0

[Event "Madrid ch - Previa B"]
[Site "Madrid"]
[Date "2009.11.20"]
[Round "6.4"]
[White "Sanchez Millan, Eduardo"]
[Black "Rojas Pozo, Jose Luis"]
[Result "1-0"]
[WhiteElo "1976"]
[BlackElo "1931"]
[PlyCount "89"]
[EventDate "2009.11.05"]
[EventType "swiss"]
[EventRounds "9"]
[EventCountry "ESP"]
[Source "lmi"]
[SourceDate "2009.11.05"]

1. d4 Nf6 2. c4 g6 3. Nc3 Bg7 4. e4 d6 5. Nf3 O-O 6. Be2 e5 7. O-O Nc6 8. d5
Ne7 9. b4 a5 10. bxa5 Rxa5 11. Nd2 b6 12. Nb3 Ra8 13. a4 Ne8 14. Be3 f5 15. f3
f4 16. Bf2 g5 17. a5 bxa5 18. Nxa5 Bd7 19. c5 dxc5 20. Nb7 Rxa1 21. Qxa1 Qc8
22. Nxc5 Nd6 23. Rb1 Ng6 24. Na6 Qd8 25. Rb8 Nc8 26. Bc5 Nge7 27. Nb5 c6 28. d6
Ng6 29. Nbc7 Qf6 30. Bc4+ Kh8 31. Qa2 Nxd6 32. Be6 Bxe6 33. Nxe6 Rxb8 34. Nxb8
Nf8 35. Nxg7 Kxg7 36. Nxc6 Nxe4 37. Bxf8+ Kxf8 38. Qa8+ Kg7 39. Qb7+ Kh6 40.
Ne7 Kh5 41. fxe4 Qd6 42. h3 Qd1+ 43. Kh2 f3 44. g4+ Kh6 45. Nf5+ 1-0

[Event "Madrid ch - Previa B"]
[Site "Madrid"]
[Date "2009.11.20"]
[Round "6.5"]
[White "Navas Jimenez, Julian"]
[Black "Merino Araguas, Jose Javier"]
[Result "1-0"]
[WhiteElo "1949"]
[BlackElo "1866"]
[PlyCount "63"]
[EventDate "2009.11.05"]
[EventType "swiss"]
[EventRounds "9"]
[EventCountry "ESP"]
[Source "lmi"]
[SourceDate "2009.11.05"]

1. d4 Nf6 2. c4 e6 3. Nc3 Bb4 4. Qc2 O-O 5. a3 Bxc3+ 6. Qxc3 b6 7. Bg5 Bb7 8.
f3 d5 9. e3 h6 10. Bh4 Nbd7 11. cxd5 Nxd5 12. Bxd8 Nxc3 13. Bh4 Nd5 14. Bf2 c5
15. Bb5 Rfd8 16. Ne2 cxd4 17. Nxd4 Rac8 18. O-O Ne5 19. Rac1 a6 20. Be2 b5 21.
Nb3 Rxc1 22. Rxc1 Nb6 23. Kf1 Nec4 24. Rc2 Na4 25. Bxc4 bxc4 26. Na5 Bc8 27.
Nxc4 a5 28. Ke1 Nc5 29. Rd2 Nd3+ 30. Ke2 Nc1+ 31. Kd1 Nd3 32. Kc2 1-0

[Event "Madrid ch - Previa B"]
[Site "Madrid"]
[Date "2009.11.20"]
[Round "6.6"]
[White "Noriega De La Sierra, Antonio"]
[Black "Gomez Gonzalez, Javier"]
[Result "0-1"]
[WhiteElo "1881"]
[BlackElo "2044"]
[PlyCount "34"]
[EventDate "2009.11.05"]
[EventType "swiss"]
[EventRounds "9"]
[EventCountry "ESP"]
[Source "lmi"]
[SourceDate "2009.11.05"]

1. d4 Nf6 2. c4 e6 3. Nc3 Bb4 4. Nf3 b6 5. g3 Ba6 6. Qb3 Nc6 7. a3 Be7 8. Nb5
Na5 9. Qc2 c6 10. b4 Nxc4 11. Qxc4 Bxb5 12. Qc2 a5 13. Bb2 axb4 14. axb4 Bxb4+
15. Nd2 Rxa1+ 16. Bxa1 Qa8 17. Bb2 Qa2 0-1

[Event "Madrid ch - Previa B"]
[Site "Madrid"]
[Date "2009.11.20"]
[Round "6.7"]
[White "Marcos Herrero, Francisco"]
[Black "Esquivias Gomez, Fco. Javier"]
[Result "1-0"]
[WhiteElo "1851"]
[BlackElo "2004"]
[PlyCount "101"]
[EventDate "2009.11.05"]
[EventType "swiss"]
[EventRounds "9"]
[EventCountry "ESP"]
[Source "lmi"]
[SourceDate "2009.11.05"]

1. e4 Nf6 2. e5 Nd5 3. d4 d6 4. c4 Nb6 5. f4 dxe5 6. fxe5 Nc6 7. Be3 Bf5 8. Nc3
e6 9. Nf3 Bg4 10. Be2 Be7 11. O-O O-O 12. Qd2 Qd7 13. Rad1 Rad8 14. Ne4 Qc8 15.
Qc1 Rd7 16. h3 Bh5 17. g4 Bg6 18. Ng3 f6 19. h4 fxe5 20. dxe5 Rxd1 21. Rxd1 Rd8
22. h5 Be8 23. a3 a5 24. h6 Rxd1+ 25. Qxd1 Qd8 26. Qxd8 Bxd8 27. hxg7 Kxg7 28.
Ne4 Nd7 29. Neg5 Bxg5 30. Bxg5 Ndxe5 31. Nxe5 Nxe5 32. Bd8 Bg6 33. Bxc7 Nd3 34.
Bxa5 Be4 35. Bd2 e5 36. b4 Kf6 37. Kh2 Bg6 38. Kg3 e4 39. Bd1 Ke5 40. Bc3+ Kd6
41. Bd4 Bf7 42. Bb3 Nc1 43. c5+ Ke7 44. Bxf7 Ne2+ 45. Kf2 Nxd4 46. Bd5 Nc2 47.
Bxe4 Nxa3 48. Bxh7 Kd7 49. Bd3 b6 50. cxb6 Kc6 51. g5 1-0

[Event "Madrid ch - Previa B"]
[Site "Madrid"]
[Date "2009.11.20"]
[Round "6.8"]
[White "Ruiz Quevedo, Andres"]
[Black "Nieto Esteban, Manuel"]
[Result "1-0"]
[WhiteElo "1928"]
[BlackElo "1801"]
[PlyCount "55"]
[EventDate "2009.11.05"]
[EventType "swiss"]
[EventRounds "9"]
[EventCountry "ESP"]
[Source "lmi"]
[SourceDate "2009.11.05"]

1. Nf3 d5 2. g3 Nf6 3. Bg2 c5 4. c4 Nc6 5. O-O e6 6. cxd5 exd5 7. d4 Be7 8. Nc3
O-O 9. Bg5 Ne4 10. Bxe7 Qxe7 11. Nxd5 Qd6 12. dxc5 Nxc5 13. Nf4 Qf6 14. Qc2 Ne6
15. Nd5 Qh6 16. Rfd1 Ned8 17. Nd4 Bh3 18. Nf5 Bxf5 19. Qxf5 Ne6 20. e3 Rfd8 21.
Rac1 Rac8 22. Qb1 Ng5 23. Rxc6 bxc6 24. Ne7+ Kf8 25. Nxc8 Rxc8 26. Qf5 Ne6 27.
Rd7 Rc7 28. Qxf7# 1-0

[Event "Madrid ch - Previa B"]
[Site "Madrid"]
[Date "2009.11.20"]
[Round "6.9"]
[White "Garcia Salamero, Hector"]
[Black "Garcia Serrano, Jose M"]
[Result "1/2-1/2"]
[WhiteElo "1774"]
[BlackElo "1902"]
[PlyCount "59"]
[EventDate "2009.11.05"]
[EventType "swiss"]
[EventRounds "9"]
[EventCountry "ESP"]
[Source "lmi"]
[SourceDate "2009.11.05"]

1. e4 e5 2. Nf3 Nc6 3. Bb5 a6 4. Ba4 Nf6 5. O-O Nxe4 6. Re1 b5 7. Rxe4 bxa4 8.
Nxe5 Qe7 9. Qe1 d5 10. Re3 Nxe5 11. Rxe5 Be6 12. d4 Qd7 13. Nc3 Bd6 14. Re2 O-O
15. Bg5 Rab8 16. b3 axb3 17. axb3 h6 18. Bd2 Qd8 19. Rxa6 Qh4 20. f4 Qf6 21.
Qf2 Qf5 22. Be3 Ra8 23. Rxa8 Rxa8 24. Na4 Bd7 25. Nc5 Bxc5 26. dxc5 Ra1+ 27.
Re1 Rxe1+ 28. Qxe1 Qxc2 29. b4 Bb5 30. h3 1/2-1/2

[Event "Madrid ch - Previa B"]
[Site "Madrid"]
[Date "2009.11.20"]
[Round "6.10"]
[White "Cano Mercado, Francisco Manuel"]
[Black "Leniz Martinez, Francisco"]
[Result "1-0"]
[WhiteElo "1887"]
[BlackElo "1870"]
[PlyCount "93"]
[EventDate "2009.11.05"]
[EventType "swiss"]
[EventRounds "9"]
[EventCountry "ESP"]
[Source "lmi"]
[SourceDate "2009.11.05"]

1. e4 e6 2. d3 d5 3. Nd2 Nf6 4. g3 b6 5. Bg2 Bb7 6. Nh3 Nc6 7. O-O Be7 8. c3
O-O 9. d4 a5 10. e5 Nd7 11. Re1 b5 12. Nf1 Ncb8 13. Qg4 Kh8 14. Ne3 Bc6 15. f4
g6 16. Ng5 Bxg5 17. fxg5 Rg8 18. Qf4 Rg7 19. Ng4 Nb6 20. Nh6 Be8 21. Rf1 N8d7
22. Bh3 Qe7 23. Bg4 Rc8 24. Be2 c6 25. Ng4 Rc7 26. Nf6 Rb7 27. h4 Qf8 28. Rf2
Nxf6 29. gxf6 Rg8 30. Rh2 h5 31. b3 c5 32. Be3 c4 33. Rg2 Rc7 34. Bd2 b4 35.
bxc4 Nxc4 36. Bxc4 Rxc4 37. Rc1 bxc3 38. Rxc3 Rxc3 39. Bxc3 Kh7 40. Bxa5 Qh6
41. Qxh6+ Kxh6 42. Rc2 Kh7 43. Bd2 Rf8 44. Rc7 Rh8 45. Ra7 Kg8 46. a4 Bc6 47.
a5 1-0